000 00539nam a2200193Ia 4500
005 20260429111854.0
008 260429s9999||||xx |||||||||||||| ||und||
020 _a9780443154744
041 _aEnglish
082 _a535.84
_bLIN
100 _aLinne, Mark A.
245 0 _aSpectroscopic measurement :
_ban introduction to the fundamentals /
_cMark A. Linne
250 _a2nd ed.
260 _aUnited Kingdom :
_bAcademic Press,
_c2024.
300 _axvii, 468 p.; pbk
650 _a Spectroscopy
650 _aPhysics
942 _cTB
999 _c51221
_d51221